000
00262nam a2200109Ia 4500
008
230907s9999||||xx |||||||||||||| ||und||
082
_a
158.1
_b
HOR
100
_a
Horton, Tony
_9
116048
245
4
_a
The big picture :
300
_a
xviii, 240 pages ;
942
_c
BK
999
_c
600894
_d
600894